Loading...

Social work education in India: challenges and opportunities/

Bibliographic Details
Main Author: Surendra Singh (ed.)
Other Authors: Srivastava S P (ed.)
Format: Printed Book
Published: Lucknow: New Royal Book Company, 2003.
Subjects:
LEADER 00662nam a22001811a 4500
999 |c 42747  |d 42747 
020 |a 9788185936468 
082 |a 361.307 1  |b SUR/S 
100 |a Surendra Singh (ed.) 
245 |a Social work education in India:  |b challenges and opportunities/  |c edited by Surendra Singh 
260 |a Lucknow:  |b New Royal Book Company,  |c 2003. 
300 |a 415p. 
650 |a Social work education 
650 |a Social Work 
650 |a Social Sciences 
700 |a Srivastava S P (ed.) 
942 |c BK 
952 |0 0  |1 0  |4 0  |6 361_307000000000000_1_SUR_S  |7 0  |9 61939  |a SSUS  |b SSUS  |d 2015-01-08  |g 895.00  |l 2  |o 361.307 1 SUR/S  |p 048501  |r 2019-08-20  |s 2019-08-17  |v 0.00  |w 2015-01-08  |y BK